000 00365nam a2200145Ia 4500
008 230711s9999||||xx |||||||||||||| ||und||
041 _aENG
082 _a530
_bSE-P
100 _aSerway,SA
245 0 _aPhysics for scientists and engineering
250 _a1st Ed.
260 _c1983
_aPhiladelphia
_bSaunders College Publication
650 _aPhysics
942 _cBK
999 _c1664
_d1664